ბათუმის შოთა რუსთაველის სახელმწიფო უნივერსიტეტის ბიბლიოთეკა

Металлические конструкции. (ბიბ.ჩანაწერი № 42756)

000 -LEADER
fixed length control field 00694nam a2200217Ia 4500
001 - CONTROL NUMBER
control field 9462
003 - CONTROL NUMBER IDENTIFIER
control field GE_BSU
008 - FIXED-LENGTH DATA ELEMENTS--GENERAL INFORMATION
fixed length control field 181216s||||||||xx |||||||||||||| ||und||
040 ## - CATALOGING SOURCE
Transcribing agency GE_BSU
080 ## - UNIVERSAL DECIMAL CLASSIFICATION NUMBER
Universal Decimal Classification number 624.014(075.8)
100 ## - MAIN ENTRY--PERSONAL NAME
Personal name Стрелецкий,Н.С. Гениев,А.Н. и др.
245 ## - TITLE STATEMENT
Title Металлические конструкции.
245 ## - TITLE STATEMENT
Remainder of title Учебн.
245 ## - TITLE STATEMENT
Statement of responsibility, etc. Под. общ. ред. Н.С.Стрелецкого. Научн. ред. С.М.Тубин.
260 ## - PUBLICATION, DISTRIBUTION, ETC.
Place of publication, distribution, etc. М.
260 ## - PUBLICATION, DISTRIBUTION, ETC.
Name of publisher, distributor, etc. Госстройиздат.
260 ## - PUBLICATION, DISTRIBUTION, ETC.
Date of publication, distribution, etc. 1962.
300 ## - PHYSICAL DESCRIPTION
Extent 776 стр. с илл. 27 см.
653 ## - INDEX TERM--UNCONTROLLED
Uncontrolled term Металлические конструкции.
942 ## - ADDED ENTRY ELEMENTS (KOHA)
Koha item type წიგნი
ეგზემპლარები
Withdrawn status Lost status Damaged status Not for loan Date acquired Barcode Date last seen Price effective from Koha item type
        2018-12-17 11567 2018-12-17 2018-12-17 წიგნი
        2018-12-17 11568 2018-12-17 2018-12-17 წიგნი